000 00274nam a2200109 a 4500
005 20140414132112.0
008 110805s19uu xx 00 eng d
050 _aER
_bS1 2002
245 _aThe ants go marching.
260 _aNew York :
_bScholastic,
_c2002.
999 _c114791
_d114791